000 01243cam a22003497a 4500
003 CHAP
005 20220329133335.0
008 971013s1990 r 00010 d
010 _a5143
011 _a6115
035 _a5333
040 _cCHAP
082 _a572
_bM6
100 0 0 _aMódena, María Eugenia.
_978035
245 0 _aMadres, médicos y curanderos
_b: diferencia cultural e identidad ideológica
260 _aMéxico, D.F. :
_bCentro de Investigaciones y Estudios Superiores en Antropología Social,
_c1990
300 _a229 p.
490 0 _aEdiciones de la Casa Chata
_v; 37
590 _aBATCH-UPD
_b10
_c20130110
_lUCH01
_h0905
590 _aBATCH-UPD
_b10
_c20130410
_lUCH01
_h0532
590 _aBATCH-UPD
_b10
_c20130914
_lUCH01
_h1255
590 _aCONVERSION
_b10
_c20130109
_lUCH01
_h1304
650 1 4 _aAntropologia.
_96133
650 1 4 _aIndios de México
_xMedicina.
_957633
650 1 4 _aMujer en comunidades rurales.
_979360
650 1 4 _aVeracruz
_xCondiciones rurales.
_9118808
830 0 _aEdiciones de la Casa Chata
_v; 37
_935351
901 _aBK
942 _cLIBRO
949 _a572 M6
_bBC
_cLIBRO
_d33724000242319
_eLIBRO
_h78996
_i5333
_si
949 _a572 M6
_bBC
_cLIBRO
_d33724002163462
_eLIBRO
_fc.2
_h112045
_i5333
_sb
999 _c5143
_d5143